1143 1494 1538 1117 1567 1916 1940 1016 1216 1970 1204 1880 1500 1930 1190 1886 1211 1834 1808 1355 1736 1578 1153 1879 1423 1056 1767 1008 1631 1034 1546 1155 1299 1508 1942 1482 1134 1352 1656 1659 1078 1705 1652 1112 1652 1103 1065 1956 1248 1472 1327 1867 1014 1750 1449 1749 1123 1373 1167 1057 1633 1016 1419 1063 1436 1857 1489 1224 1942 1174 1383 1919 1376 1282 1779 1362 1500 1109 1352 1586 1708 1552 1165 1701 1751 1498 1798 1641 1709 1718 1262 1899 1459 1681 1180 1600 1708 1084 1929 BCNSPRNW ULIB Ver.6.0+V

เปลี่ยนเป็นภาษาไทย

Change to English
 แสดงรายละเอียดบรรณานุกรม
  กลับหน้าหลัก

Brief Record : Get Marc (ISO 2709) : E-mail record : QR code < ปิดหน้าต่าง
LEADER : 00000nam 2200000uu 4500
001    13399112829
003     ULIB
008    110912s2543||||th 000 0 tha d
020    9747227657
050 04 LB2301^bท125ก 2543
110 2  สำนักมาตรฐานอุดมศึกษา.^bคณะทำงานจัดทำแนวทางการสร้างหลักสูตรและรายวิชาใหม่ด้านคุณ ธรรมและจริยธรรม
245 10 การจัดกิจกรรมนิสิต/นักศึกษาเพื่อพัฒนาคุณธรรมจริยธรรมสำหรับบัณฑิตอุดมคติไทย /^cโดย คณะทำงานจัดทำแนวทางการสร้างหลักสูตรและรายวิชาใหม่ด้านคุณธรรมและจริยธรรม โครงการพัฒนาบัณฑิตอุดมคติไทย สำนักมาตรฐานอุดมศึกษา ทบวงมหาวิทยาลัย
260    กรุงเทพฯ :^bสำนักมาตรฐานอุดมศึกษา,^c2543
300    132 หน้า
650  7 จริยธรรม
650  7 บัณฑิต
650  7 ความดี
650  7 หลักสูตร
945    ^p0^l0^i014218
945    ^p0^l0^i014277
995    ทศพร
999 ^a ทศพร
รายการนี้ยังไม่มีแท็ก
คุณยังไม่ได้ล็อกอิน คุณสามารถมีกิจกรรมร่วมกับเว็บไซต์ได้ แต่ต้องล็อกอินก่อน ::
  ล็อกอิน

รายการสื่อสารสนเทศ

ลำดับที่ ประเภท เลขเรียก/บาร์โค้ด สถานที่ สถานะ
- ไม่พบข้อมูล -

รายการใกล้เคียง
    หัวเรื่อง [จริยธรรม]
    หัวเรื่อง [บัณฑิต]
    หัวเรื่อง [ความดี]
    หัวเรื่อง [หลักสูตร]

BibComment


ยังไม่เคยถูกคอมเมนท์

คอมเมนท์ทรัพยากรรายการนี้
  คอมเมนท์: การจัดกิจกรรมนิสิ..


 Copyright 2026. Bcnsprnw @Library